Statistiques concernant Arrêts de la ligne Saverne Sélestat

Cliquez ici pour prendre le quiz!

Statistiques générales

  • Ce quiz a été pris 11 fois
  • Le résultat moyen est 13 sur 21

Statistiques - réponses

Réponses% Correct
Saverne
100%
Selestat
100%
Strasbourg
100%
Benfeld
71%
Brumath
71%
Erstein
71%
Graffenstaden
71%
Dettwiller
57%
Hochfelden
57%
Kogenheim
57%
Limersheim
57%
Matzenheim
57%
Mommenheim
57%
Schwindratzheim
57%
Steinbourg
57%
Stephansfeld
57%
Vendenheim
57%
Wilwisheim
57%
Ebersheim
43%
Fegersheim Lipsheim
43%
Geispolsheim
43%

Distribution des résultats

Percentile par nombre de réponses

% des personnes avec chaque résultat

Votre développement - résultats

Vous n’avez pas pris ce quiz